Islamic Finance/ (Record no. 216727)

MARC details
000 -LEADER
fixed length control field 00548nam a22001817a 4500
005 - DATE AND TIME OF LATEST TRANSACTION
control field 20260618110340.0
010 ## - LCCN (DPL NO)
LC control number ENG-148950
020 ## - INTERNATIONAL STANDARD BOOK NUMBER
International Standard Book Number 9789392496677
Terms of availability 250.00
035 ## - SYSTEM CONTROL NUMBER
System control number EN-132482
037 ## - SOURCE OF ACQUISITION
Source of stock number/acquisition DBAD/PUB
082 ## - DEWEY DECIMAL CLASSIFICATION NUMBER
Classification number 332.1091767
100 ## - MAIN ENTRY--PERSONAL NAME
Personal name Perween, Tabassum
245 ## - TITLE STATEMENT
Title Islamic Finance/
Statement of responsibility, etc Tabassum Perween
260 ## - PUBLICATION, DISTRIBUTION, ETC. (IMPRINT)
Place of publication, distribution, etc New Delhi
Name of publisher, distributor, etc Educational Publishing House
Date of publication, distribution, etc 2021
270 ## - ADDRESS
Address D1/16, Ansari Road, Darya Ganj,
City New Delhi
Postal code 110002
300 ## - PHYSICAL DESCRIPTION
Extent 184p.
Dimensions 22.5cm(hb)
942 ## - ADDED ENTRY ELEMENTS (KOHA)
Source of classification or shelving scheme Dewey Decimal Classification
Item type English Books
Classification part 332.1091767
Call number suffix PER
Holdings
Withdrawn status Lost status Not for loan Collection code Home library Current library Date acquired Source of acquisition Cost, normal purchase price Full call number Barcode Copy number Cost, replacement price Koha item type
    Not For Loan Non-fiction D.B.Act.Division D.B.Act.Division 18/06/2026 DBAD 250.00 332.1091767 PER EN-132482 1 250.00 English Books

© Delhi Public Library
Hit Counter
free hit counter